Intermède (notice n° 2225435)

détails MARC
000 -LEADER
fixed length control field 02153cam a2200169 4500500
005 - DATE AND TIME OF LATEST TRANSACTION
control field 20260426020110.0
041 ## - LANGUAGE CODE
Language code of text/sound track or separate title fre
042 ## - AUTHENTICATION CODE
Authentication code dc
100 10 - MAIN ENTRY--PERSONAL NAME
Personal name Fabre, Nicole
Relator term author
245 00 - TITLE STATEMENT
Title Intermède
260 ## - PUBLICATION, DISTRIBUTION, ETC.
Date of publication, distribution, etc. 2005.<br/>
500 ## - GENERAL NOTE
General note 97
520 ## - SUMMARY, ETC.
Summary, etc. Une petite fille vient de très loin consulter la thérapeute qui va être amenée à transgresser ou transformer plusieurs des règles thérapeutiques dites « orthodoxes ». Notamment en prenant en charge par des entretiens individuels la mère de la petite Emma car comme sa fille aujourd’hui, cette jeune femme fut une « petite fille qui tuait ses parents dans sa tête », surtout sa mère. C’est à cette condition et grâce à la mise en actes des fantasmes par des rêves-éveillés agis, qu’Emma pût se détacher de la répétition du passé de ses parents et surtout de celui de sa mère qui la tenait prisonnière. A travers l’analyse du transfert et de son contre-transfert, la thérapeute s’interroge : est-elle passée à l’acte en dérogeant aux règles édictées par la psychanalyse orthodoxe, y compris sa propre orthodoxie ?
520 ## - SUMMARY, ETC.
Summary, etc. The small girl who killed her parents in her own head. Fantasies and acting out A small girl comes from far away to consult the therapist who will in turn be lead to transgress or transform many so called « orthodox » therapeutic rules, mainly through individual meetings with the mother of little Emma. As her daughter today, this young woman used to be a « small girl who killed her parents in her own head », above all her mother. This, and the fantasies acted out through awakened dreams, helped Emma break away from the repetition of the past of her parents, above all her mother’s, that held her imprisoned. Through the analysis of transference and countertransference, the therapist is wondering if this was acting out of the orthodox psychoanalysis practice, including her own orthodoxy ?
786 0# - DATA SOURCE ENTRY
Note Imaginaire & Inconscient | 16 | 2 | 2005-11-01 | p. 165-166 | 1628-9676
856 41 - ELECTRONIC LOCATION AND ACCESS
Uniform Resource Identifier <a href="https://shs.cairn.info/revue-imaginaire-et-inconscient-2005-2-page-165?lang=fr&redirect-ssocas=7080">https://shs.cairn.info/revue-imaginaire-et-inconscient-2005-2-page-165?lang=fr&redirect-ssocas=7080</a>

Pas d'exemplaire disponible.

PLUDOC

PLUDOC est la plateforme unique et centralisée de gestion des bibliothèques physiques et numériques de Guinée administré par le CEDUST. Elle est la plus grande base de données de ressources documentaires pour les Étudiants, Enseignants chercheurs et Chercheurs de Guinée.

Adresse

627 919 101/664 919 101

25 boulevard du commerce
Kaloum, Conakry, Guinée

Réseaux sociaux

Powered by Netsen Group @ 2025